00321nam a2200085Ia 4500008004100000100003300041245008600074260006300160650001200223160725s9999 xx 000 0 und d aRebadulla, Giovanni Clyde E. aApproach to teaching anatomy and physiology in nursing: traditional, PBL or OBE?. bKaizen Research Journal College of NursingcSeptember 2012 aNURSING